[Event "PSG G1 email"]
[Site "Slovakia"]
[Date "2000.??.??"]
[Round "?"]
[White "Turciacik, Dusan"]
[Black "Mego, Peter"]
[Result "0-1"]
[WhiteElo "1300"]
[BlackElo "1750"]
[PlyCount "62"]
[EventDate "2000.??.??"]
[EventType "tourn (corr)"]
[EventRounds "6"]
[EventCountry "SVK"]
[SourceTitle "Corr 2002"]
[Source "ChessBase"]
[SourceDate "2002.05.23"]
[SourceVersion "1"]
[SourceVersionDate "2002.05.23"]
[SourceQuality "1"]

1. e4 e6 2. Nf3 d5 3. Nc3 Nf6 4. exd5 exd5 5. d4 Be7 6. Bd3 0-0 7. 0-0 c6 8. Re1 Bg4 9. h3 Bh5 10. Be2 Re8 11. Bd3 Nbd7 12. Bf4 Nf8 13. Be5 N6d7 14. Bh2 Qb6 15. Na4 Qa5 16. Nc3 Bb4 17. Rxe8 Rxe8 18. Rb1 b5 19. g4 Bg6 20. Bxg6 Nxg6 21. Qd3 Bxc3 22. Qxc3 Qxa2 23. Rd1 Qa6 24. Re1 Rxe1+ 25. Qxe1 Qc8 26. Qb4 Ndf8 27. Ne5 Nxe5 28. dxe5 Qd8 29. Qc5 Qb6 30. Qb4 a5 31. Qd6 a4 0-1

[Event "PSG G1 email"]
[Site "Slovakia"]
[Date "2000.??.??"]
[Round "?"]
[White "Wurschner, Miroslav"]
[Black "Turciacik, Dusan"]
[Result "1-0"]
[WhiteElo "1997"]
[BlackElo "1300"]
[PlyCount "31"]
[EventDate "2000.??.??"]
[EventType "tourn (corr)"]
[EventRounds "6"]
[EventCountry "SVK"]
[SourceTitle "Corr 2002"]
[Source "ChessBase"]
[SourceDate "2002.05.23"]
[SourceVersion "1"]
[SourceVersionDate "2002.05.23"]
[SourceQuality "1"]

1. e4 e5 2. Nf3 Nc6 3. Bc4 Nf6 4. d4 exd4 5. 0-0 Nxe4 6. Re1 f5 7. Nxd4 Qh4 8. Nxc6 Qxf2+ 9. Kh1 Qc5 10. Nc3 Qxc6 11. Nxe4 fxe4 12. Bd5 Qf6 13. Qh5+ g6 14. Rxe4+ Be7 15. Bg5 gxh5 16. Bxf6 1-0